Reforma de los descalzos de Nuestra Señora del Carmen de la Primitiva Observancia, hecha por Santa Teresa de Jesus en la atiquissima religion fundada por el Gran Profeta Elias / por el Padre Fray Joseph de Santa Teresa, su historiador general

Detalles Bibliográficos
Autor principal: Juan José de Santa Teresa, hermano, m. 1658
Formato: Libro
Lenguaje:Spanish
Publicado: en Madrid : por Julian de Paredes, impressor de libros, 1683-1684.
Materias:
Colección:Banco de datos
Acervo:Biblioteca de la Orden de Carmelitas Descalzas de San José y Santa Teresa de Puebla. Puebla
Descripción Física:3 t. ; f°
Notas:Portada tipográfica con orla, pleca y escudo de carmelitas en grabado xilográfico. Texto a dos columnas con apostillas marginales. Incluye cabecera de título en grabado xilográfico. Incluye capitular floreada en grabado xilográfico. Cada tomo portada y numeración propias. Año del t. 3 publicado en 1683; t. 4: 1684. Paginación: t. 3 [12] h., 871 p., [4] h.; t. 4 [14] h., 925 p., [4] h. Encuadernación en pergamino (30, 31). Ex libris manuscrito en la guarda anterior: "Este libro es de la libreria del Convto. Antiguo de Carmelitas de Puebla" (30, 31)
LEADER 01584nam a22001930004500
035 |a 19 
041 0 |a spa 
100 1 |a Juan José de Santa Teresa, hermano, m. 1658 
245 1 0 |a Reforma de los descalzos de Nuestra Señora del Carmen de la Primitiva Observancia, hecha por Santa Teresa de Jesus en la atiquissima religion fundada por el Gran Profeta Elias / por el Padre Fray Joseph de Santa Teresa, su historiador general 
260 |a en Madrid : por Julian de Paredes, impressor de libros, 1683-1684. 
300 |a 3 t. ; f°  
500 |a Portada tipográfica con orla, pleca y escudo de carmelitas en grabado xilográfico. Texto a dos columnas con apostillas marginales. Incluye cabecera de título en grabado xilográfico. Incluye capitular floreada en grabado xilográfico. Cada tomo portada y numeración propias. Año del t. 3 publicado en 1683; t. 4: 1684. Paginación: t. 3 [12] h., 871 p., [4] h.; t. 4 [14] h., 925 p., [4] h. Encuadernación en pergamino (30, 31). Ex libris manuscrito en la guarda anterior: "Este libro es de la libreria del Convto. Antiguo de Carmelitas de Puebla" (30, 31) 
504 |a Al principio de la obra está el índice de libros y capítulos y fe de erratas 
504 |a Al final de la obra está el índice de las cosas más notables 
610 1 4 |a Carmelitas 
949 |a Fondo Bibliográfico Antiguo de las Carmelitas Descalzas de San José y Santa Teresa, Puebla, Puebla t. 3 (30); t. 4 (31) 
942 |c CARMELITAS 
943 |g Biblioteca de la Orden de Carmelitas Descalzas de San José y Santa Teresa de Puebla. Puebla 
999 |c 950478  |d 950478